| 000 | 01085cam a2200325 a 4500 | ||
|---|---|---|---|
| 001 | 18250122 | ||
| 003 | EG-ScBUE | ||
| 005 | 20220613111907.0 | ||
| 008 | 140801r20182014enk f b 001 0 eng d | ||
| 020 | _a9780194423717 (pbk.) | ||
| 020 | _a0194423719 (pbk.) | ||
| 040 |
_aTOH _beng _erda _cTOH _dLTSCA _dDLC _dDLC _dEG-ScBUE |
||
| 082 | 0 | 4 |
_a428.00712 _222 _bDEC |
| 100 | 1 |
_aDe Chazal, Edward, _eauthor. |
|
| 245 | 1 | 0 |
_aEnglish for academic purposes / _cEdward de Chazal. |
| 250 | _aReprinted edition. | ||
| 264 | 1 |
_aOxford : _bOxford University Press, _c2018. |
|
| 300 |
_axix, 380 pages ; _c26 cm. |
||
| 336 |
_2rdacontent _atext _btxt |
||
| 337 |
_2rdamedia _aunmediated _bn |
||
| 338 |
_2rdacarrier _avolume _bnc |
||
| 490 | 0 | _aOxford handbooks for language teachers | |
| 504 | _aIncludes bibliographical references and index. | ||
| 650 | 7 |
_aEnglish language _xStudy and teaching (Higher) _2BUEsh |
|
| 650 | 7 |
_aAcademic writing _xStudy and teaching (Higher) _2BUEsh |
|
| 651 | _2BUEsh | ||
| 653 |
_cMarch2015 _bHHUUEENN |
||
| 655 |
_vReading book _934232 |
||
| 942 |
_2ddc _cTR |
||
| 999 |
_c19090 _d19062 |
||